| 000 | 00780nam0a22002531 4500 | ||
|---|---|---|---|
| 001 | rc\3023513 | ||
| 005 | 20110928142654.2 | ||
| 035 | _a(NLR Aleph) 007165289 | ||
| 090 |
_a7290565 _c7290565 |
||
| 100 | _a20110928d1935 |||y0rusy50 ca | ||
| 101 | 0 | _arus | |
| 102 | _aRU | ||
| 105 | _aa z ||||| | ||
| 200 | 1 | _aКонспект по качественному анализу для 1 курса АТШ | |
| 210 |
_aЛенинград _cУчеб. отд. АТШ _d1935 |
||
| 215 |
_a[2] с., 99 с., 6 л. табл. _cтабл. _d23 см |
||
| 300 | _aЛитогр. изд. | ||
| 333 | _aНа правах рукописи | ||
| 700 | 1 |
_aМозин _bЕ. М. |
|
| 801 | 0 |
_aRU _bNLR _gpsbo |
|
| 801 | 1 |
_aRU _bELAR _2rusmarc |
|
| 852 |
_aNLR _jХ02 В-5/27 |
||
| 942 | _cBOOK | ||
| 980 | _aNB | ||